Forgiving or Forgetting (Record no. 18231)
[ view plain ]
| 000 -LEADER | |
|---|---|
| fixed length control field | 00602nam a2200229 a 4500 |
| 020 ## - INTERNATIONAL STANDARD BOOK NUMBER | |
| ISBN | 9187748649 |
| 082 00 - DEWEY DECIMAL CLASSIFICATION NUMBER | |
| Classification number | 303.66 |
| Author Cutter | CAR |
| 100 ## - MAIN ENTRY--AUTHOR NAME | |
| Author name | , |
| 245 ## - TITLE STATEMENT | |
| Title | Forgiving or Forgetting |
| Sub title | Churches and the Transition to Democracy in the Philippines |
| 260 ## - PUBLICATION, DISTRIBUTION, ETC. (IMPRINT) | |
| Place of publication | Sweden |
| Name of publisher | Life and Peace Institute |
| Year of publication | 1999 |
| 300 ## - PHYSICAL DESCRIPTION | |
| Number of Pages | 72p |
| 500 ## - GENERAL NOTE | |
| General note | includes index and biblioraphy |
| 650 ## - SUBJECT ADDED ENTRY--TOPICAL TERM | |
| Topical Term | Peace-Making |
| 942 ## - ADDED ENTRY ELEMENTS (KOHA) | |
| Koha item type | Books |
| 700 1# - | |
| -- | , |
| Collection code | Home library | Current library | Date acquired | Cost, normal purchase price | Full call number | Accession Number | Koha item type |
|---|---|---|---|---|---|---|---|
| Henry Martyn Institute Library | Henry Martyn Institute Library | 11/19/2007 | 100.00 | 303.66 CAR | 11001807 | Books |
